Santiago Carbonell (Record no. 620)
[ view plain ]
| 000 - LÍDER | |
|---|---|
| campo de control de longitud fija | 00836nam a2200193Ia 4500 |
| 008 - ELEMENTOS DE DATOS DE LONGITUD FIJA - INFORMACIÓN GENERAL | |
| campo de control de longitud fija | 000000[2005] mX a 0000000000spa00 |
| 090 ## - NÚMERO DE LLAMADA DE TIPO LC LOCALMENTE ASIGNADO (OCLC) | |
| Número de clasificación (OCLC) (R) | PSP00 C11s |
| 100 1# - ENTRADA PRINCIPAL - NOMBRE PERSONAL | |
| Nombre de la persona | Carbonell, Santiago |
| Fechas asociadas a un nombre | 1960 |
| 245 10 - TÍTULO DECLARACIÓN | |
| Título | Santiago Carbonell |
| Declaración de responsabilidad | / curaduría Roberto González ; fotografías Gilberto Chen, Marco Giaconelli |
| 260 ## - PUBLICACIÓN, DISTRIBUCIÓN | |
| Lugar de publicación | México : Praxis |
| Fecha de publicación | 2005 |
| 300 ## - DESCRIPCIÓN FÍSICA | |
| Alcance | [20] p. |
| Dimensiones | / 23 cm. |
| 500 ## - NOTA GENERAL | |
| Nota general | Portada autografiada con el siguiente texto : Para Celia mi amiga, Santiago Carbonell \ Con el patronazgo del maestro venezolano Jesús Rafael Soto (q.e.p.d.) |
| 600 00 - ENTRADA DE SUJETO AÑADIDO - NOMBRE PERSONAL | |
| Nombre de la persona | CARBONELL, SANTIAGO, 1960/ |
| Subdivisión general | TRABAJOS PICTORICOS |
| 650 14 - ENTRADA DE SUJETO AÑADIDO - TÉRMINO TÓPICO | |
| Término tópico o elemento de entrada del nombre geográfico | PINTURA ESPAÑOLA |
| 650 14 - ENTRADA DE SUJETO AÑADIDO - TÉRMINO TÓPICO | |
| Término tópico o elemento de entrada del nombre geográfico | ARTE CONTEMPORANEO ESPAÑOL |
| 650 14 - ENTRADA DE SUJETO AÑADIDO - TÉRMINO TÓPICO | |
| Subdivisión general | CATALOGOS |
| 650 14 - ENTRADA DE SUJETO AÑADIDO - TÉRMINO TÓPICO | |
| Término tópico o elemento de entrada del nombre geográfico | PINTORES ESPAÑOLES |
| 700 1# - ENTRADA AGREGADA - NOMBRE PERSONAL | |
| Nombre de la persona | González, Roberto \ Chen, Gilberto \ Giaconelli, Marco |
| Estado de retirada | Pérdida de estatus | Estado dañado | No para préstamo | Código de recogida | Ubicación permanente | Ubicación actual | Ubicación de las estanterías | Fecha de adquisición | Número de llamada completo | Código de barras | Fecha de la última vez que se vio | Número de copia | Precio efectivo desde | Tipo de artículo Koha |
|---|---|---|---|---|---|---|---|---|---|---|---|---|---|---|
| General | ArtNexus | ArtNexus | General | 06/09/2022 | P-SP-00 C11S | 620 | 06/09/2022 | Ej.1 | 06/09/2022 | Libro |